Handbook of loss prevention /

Bibliographic Details
Corporate Author: Allianz Versicherungs AG (Germany)
Format: Book
Language:English
German
Published: Berlin ; New York : Springer-Verlag, 1978.
Subjects:

MARC

Tag First Indicator Second Indicator Subfields
LEADER 00000cam a2200000 i 4500
001 in00000054736
005 20151008052108.0
008 790710s1978 wb a b 00000 eng
010 |a  79357312  
015 |a GFR*** 
020 |a 0387078223 
020 |a 3540078223 
035 |a (OCoLC)05240860 
035 |9 AAH1645AM 
040 |a DLC  |c DLC  |d TXA  |d UtOrBLW 
041 1 |a eng  |a ger 
049 |a TXAM  |c [1159916] 
050 0 0 |a TS191  |b .H36 
082 0 |a 621.7/5 
240 1 0 |a Handbuch der Schadenverhutung. English 
245 0 0 |a Handbook of loss prevention /  |c [translated from the German by Peter Cahn-Speyer]. 
264 1 |a Berlin ;  |a New York :  |b Springer-Verlag,  |c 1978. 
300 |a xiv, 423 pages :  |b illustrations ;  |c 25 cm. 
336 |a text  |b txt  |2 rdacontent 
337 |a unmediated  |b n  |2 rdamedia 
338 |a volume  |b nc  |2 rdacarrier 
500 |a Translation of Handbuch der Schadenverhutung. 
500 |a At head of title: Allianz Versicherungs-AG. 
504 |a Includes bibliographical references. 
650 0 |a Plant engineering. 
650 0 |a Industrial equipment  |x Maintenance and repair. 
710 2 |a Allianz Versicherungs AG (Germany) 
999 |a MARS 
999 f f |s f133e1d4-f5c1-3ba0-ab61-396a72632032  |i 08cd1c04-ae40-3af7-b7fa-d8752fbbb768  |t 0 
952 f f |p ric  |a Texas A&M University  |b Rellis Campus  |c Joint Library Facility  |d Remote Storage  |t 0  |e TS191 .H36  |h Library of Congress classification  |i unmediated -- volume  |m A14805641434 
998 f f |a TS191 .H36  |t 0  |l Remote Storage